<?xml version="1.0" encoding="UTF-8"?>
<record
    xmlns:xsi="http://www.w3.org/2001/XMLSchema-instance"
    xsi:schemaLocation="http://www.loc.gov/MARC21/slim http://www.loc.gov/standards/marcxml/schema/MARC21slim.xsd"
    xmlns="http://www.loc.gov/MARC21/slim">

  <leader>00378nam a22001217a 4500</leader>
  <datafield tag="020" ind1=" " ind2=" ">
    <subfield code="a">7119016660</subfield>
  </datafield>
  <datafield tag="082" ind1=" " ind2=" ">
    <subfield code="a">895.134</subfield>
    <subfield code="b">GUA</subfield>
  </datafield>
  <datafield tag="245" ind1=" " ind2=" ">
    <subfield code="a">Three Kingdoms:</subfield>
    <subfield code="b">A Historical Novel III /</subfield>
    <subfield code="c">Attributed by Luo Guanzhong ; Translated by Moss Roberts</subfield>
  </datafield>
  <datafield tag="260" ind1=" " ind2=" ">
    <subfield code="a">Beijing :</subfield>
    <subfield code="b">Foreign Languages Press,</subfield>
    <subfield code="c">2006.</subfield>
  </datafield>
  <datafield tag="300" ind1=" " ind2=" ">
    <subfield code="a">1137-1690 p. ;</subfield>
    <subfield code="c">22 cm.</subfield>
  </datafield>
  <datafield tag="563" ind1=" " ind2=" ">
    <subfield code="a">Hardcover.</subfield>
  </datafield>
  <datafield tag="942" ind1=" " ind2=" ">
    <subfield code="2">ddc</subfield>
    <subfield code="c">BK</subfield>
  </datafield>
  <datafield tag="999" ind1=" " ind2=" ">
    <subfield code="c">611352</subfield>
    <subfield code="d">611352</subfield>
  </datafield>
  <datafield tag="952" ind1=" " ind2=" ">
    <subfield code="0">0</subfield>
    <subfield code="1">0</subfield>
    <subfield code="2">ddc</subfield>
    <subfield code="4">0</subfield>
    <subfield code="6">895_134000000000000_GUA</subfield>
    <subfield code="7">0</subfield>
    <subfield code="9">635668</subfield>
    <subfield code="a">CL</subfield>
    <subfield code="b">CL</subfield>
    <subfield code="c">CHIST</subfield>
    <subfield code="d">2024-09-03</subfield>
    <subfield code="e">Donated by Chinese Studies Center</subfield>
    <subfield code="l">1</subfield>
    <subfield code="o">895.134 GUA</subfield>
    <subfield code="p">CL-D-2637</subfield>
    <subfield code="r">2025-10-22</subfield>
    <subfield code="s">2025-09-12</subfield>
    <subfield code="w">2024-09-03</subfield>
    <subfield code="y">BK</subfield>
  </datafield>
</record>
